| 000 | 00958nam a22002417a 4500 | ||
|---|---|---|---|
| 003 | BD-JhCC | ||
| 005 | 20230909104026.0 | ||
| 008 | 230909s2015 bg a|||| |||| 000 0 ben d | ||
| 020 | _a9847016300028 | ||
| 035 | _a(BD-JhCC) | ||
| 040 |
_aBD-JhCC _dBD-JhCC |
||
| 041 | _aeng | ||
| 082 |
_a398.20951 _bCHI 2015 |
||
| 245 |
_aচীন দেশের উপকথা : _bশিশু- কিশোর সাহিত্য / _cঅনুবাদক আব্বাস উদ্দিন আহমেদ এবং সম্পাদনায় বাছেত সুজন |
||
| 260 |
_aঢাকা : _bরাবেয়া বুকস, _c২০১৫ |
||
| 300 |
_a৬৩ পৃ. : _bচিত্রাবলী, _c২৩ সেমি. |
||
| 650 | _aFables, Chinese | ||
| 650 | _aFairy tales | ||
| 650 | _aFolklore | ||
| 700 | _aআহমেদ, আব্বাস উদ্দিন | ||
| 700 | _aসুজন, বাছেত | ||
| 942 |
_2ddc _cBK |
||
| 999 |
_c13350 _d13350 |
||